Študijný program nemeckofónneho štúdia na Ekonomickej univerzite v Bratislave na akademický rok 2000/2001

Salvato in:
Dettagli Bibliografici
Enti autori: Ekonomická univerzita v Bratislave, Martin-Luther-Universität Halle-Wittenberg, Johannes Kepler Universität Linz
Natura: Libro
Lingua:slovacco
Pubblicazione: Bratislava Ekonomická univerzita v Bratislave
Soggetti:
Tags: Aggiungi Tag
Nessun Tag, puoi essere il primo ad aggiungerne!!

MARC

LEADER 00000nam$a2200000$$$4500
001 0085566
005 20240318125944.0
041 0 |a slo 
044 |a SK 
245 1 0 |a Študijný program nemeckofónneho štúdia na Ekonomickej univerzite v Bratislave na akademický rok 2000/2001 
264 1 |a Bratislava  |b Ekonomická univerzita v Bratislave 
300 |a 7 s. 
610 2 0 |a programy študijné 
610 2 0 |a školy vysoké 
610 2 0 |a univerzity 
610 2 0 |a spolupráca medzinárodná 
610 2 0 |a nemčina 
610 2 0 |a plán učebný 
610 2 0 |a veda ekonomická 
610 2 0 |a Slovensko 
610 2 0 |a Nemecko 
610 2 0 |a Rakúsko 
610 2 0 |a 2000-2001 
710 2 |a Ekonomická univerzita v Bratislave 
710 2 |a Martin-Luther-Universität Halle-Wittenberg 
710 2 |a Johannes Kepler Universität Linz